MARC details
| 000 -LEADER |
| fixed length control field |
03127nam a2200565 i 4500 |
| 001 - CONTROL NUMBER |
| control field |
3026692 |
| 005 - DATE AND TIME OF LATEST TRANSACTION |
| control field |
20210810172121.0 |
| 008 - FIXED-LENGTH DATA ELEMENTS--GENERAL INFORMATION |
| fixed length control field |
180423s2018 nyua c 6 000 0 eng d |
| 010 ## - LIBRARY OF CONGRESS CONTROL NUMBER |
| LC control number |
2017959242 |
| 020 ## - INTERNATIONAL STANDARD BOOK NUMBER |
| International Standard Book Number |
9780062484970 : |
| Terms of availability |
$22.99 |
| 035 ## - SYSTEM CONTROL NUMBER |
| System control number |
(OCoLC)999440525 |
| 035 ## - SYSTEM CONTROL NUMBER |
| System control number |
(OCoLC)ocn999440525 |
| 035 ## - SYSTEM CONTROL NUMBER |
| System control number |
2743444 |
| 035 ## - SYSTEM CONTROL NUMBER |
| System control number |
2743444 |
| 040 ## - CATALOGING SOURCE |
| Original cataloging agency |
PABRO |
| Language of cataloging |
eng |
| Description conventions |
rda |
| Transcribing agency |
PABRO |
| 050 #4 - LIBRARY OF CONGRESS CALL NUMBER |
| Classification number |
PZ7.7.L52 |
| Item number |
Pos 2018 |
| 082 04 - DEWEY DECIMAL CLASSIFICATION NUMBER |
| Classification number |
741.5/973 |
| Edition number |
23 |
| 092 ## - LOCALLY ASSIGNED DEWEY CALL NUMBER (OCLC) |
| Classification number |
junior graphic novel |
| Item number |
Libenson |
| 999 ## - SYSTEM CONTROL NUMBERS (KOHA) |
| Koha Dewey Subclass [OBSOLETE] |
741.5973 L694P 2018 |
| 100 1# - MAIN ENTRY--PERSONAL NAME |
| Personal name |
Libenson, Terri, |
| Relator term |
author, |
| -- |
illustrator. |
| 9 (RLIN) |
6386135 |
| 245 10 - TITLE STATEMENT |
| Title |
Positively Izzy / |
| Statement of responsibility, etc |
Terri Libenson. |
| 250 ## - EDITION STATEMENT |
| Edition statement |
First edition. |
| 264 #1 - Production, Publication, Distribution, Manufacture, and Copyright Notice. |
| Place of production, publication, distribution, manufacture |
New York, NY : |
| Name of producer, publisher, distributor, manufacturer |
Balzer + Bray, an imprint of HarperCollins Publishers, |
| Date of production, publication, distribution, manufacture, or copyr |
[2018] |
| 300 ## - PHYSICAL DESCRIPTION |
| Extent |
220 pages : |
| Other physical details |
color illustrations ; |
| Dimensions |
22 cm |
| 336 ## - Content Type |
| Content type term |
text |
| 337 ## - Media type |
| Media type term |
unmediated |
| 338 ## - Carrier type |
| Carrier type term |
volume |
| 440 ## - SERIES STATEMENT/ADDED ENTRY--TITLE |
| Title |
Emmie & Friends : |
| Volume number/sequential designation |
Book 2. |
| 9 (RLIN) |
6423964 |
| 520 ## - SUMMARY, ETC. |
| Summary, etc |
Publisher Anno: Middle school is all about labels. Izzy is the dreamer. There's nothing Izzy loves more than acting in skits and making up funny stories. The downside? She can never quite focus enough to get her schoolwork done. Bri is the brain. But she wants people to see there's more to her than just a report card full of As. At the same time, she wishes her mom would accept her the way she is and stop bugging her to "break out of her shell" and join drama club. The girls' lives converge in unexpected ways on the day of a school talent show, which turns out to be even more dramatic than either Bri or Izzy could have imagined. |
| 521 1# - TARGET AUDIENCE NOTE |
| Target audience note |
8-12 |
| Source |
Brodart. |
| 521 2# - TARGET AUDIENCE NOTE |
| Target audience note |
3-7 |
| Source |
Brodart. |
| 526 0# - STUDY PROGRAM INFORMATION NOTE |
| Program name |
Accelerated Reader |
| Interest level |
MG |
| Reading level |
3 |
| Title point value |
2. |
| 526 0# - STUDY PROGRAM INFORMATION NOTE |
| Program name |
Reading Counts |
| Interest level |
3-5 |
| Reading level |
3.3 |
| Title point value |
5. |
| 650 #0 - SUBJECT ADDED ENTRY--TOPICAL TERM |
| Topical term or geographic name as entry element |
Female friendship |
| Form subdivision |
Comic books, strips, etc. |
| -- |
Juvenile literature. |
| 9 (RLIN) |
6386136 |
| 650 #0 - SUBJECT ADDED ENTRY--TOPICAL TERM |
| Topical term or geographic name as entry element |
Middle schools |
| Form subdivision |
Comic books, strips, etc. |
| -- |
Juvenile literature. |
| 9 (RLIN) |
6386137 |
| 650 #1 - SUBJECT ADDED ENTRY--TOPICAL TERM |
| Topical term or geographic name as entry element |
Graphic novels. |
| 9 (RLIN) |
6386138 |
| 650 #1 - SUBJECT ADDED ENTRY--TOPICAL TERM |
| Topical term or geographic name as entry element |
Female friendship |
| Form subdivision |
Cartoons and comics. |
| 9 (RLIN) |
6386139 |
| 650 #1 - SUBJECT ADDED ENTRY--TOPICAL TERM |
| Topical term or geographic name as entry element |
Middle schools |
| Form subdivision |
Cartoons and comics. |
| 9 (RLIN) |
5767324 |
| 650 #7 - SUBJECT ADDED ENTRY--TOPICAL TERM |
| Topical term or geographic name as entry element |
JUVENILE FICTION / Comics & Graphic Novels |
| Source of heading or term |
bisacsh |
| 9 (RLIN) |
5729214 |
| 650 #7 - SUBJECT ADDED ENTRY--TOPICAL TERM |
| Topical term or geographic name as entry element |
JUVENILE FICTION / Social Themes / Friendship |
| Source of heading or term |
bisacsh |
| 9 (RLIN) |
5715225 |
| 650 #7 - SUBJECT ADDED ENTRY--TOPICAL TERM |
| Topical term or geographic name as entry element |
JUVENILE FICTION / Social Themes / Self-Esteem & Self-Reliance |
| Source of heading or term |
bisacsh |
| 9 (RLIN) |
5717167 |
| 650 #7 - SUBJECT ADDED ENTRY--TOPICAL TERM |
| Topical term or geographic name as entry element |
JUVENILE FICTION / Comics & Graphic Novels / Humorous |
| Source of heading or term |
bisacsh |
| 9 (RLIN) |
5756645 |
| 655 #0 - INDEX TERM--GENRE/FORM |
| Genre/form data or focus term |
Graphic novels. |
| 9 (RLIN) |
6386140 |
| 787 0# - NONSPECIFIC RELATIONSHIP ENTRY |
| Note |
OCLC Work Id |
| Other item identifier |
http://worldcat.org/entity/work/id/4445979610 |
| 942 ## - ADDED ENTRY ELEMENTS (KOHA) |
| Source of classification or shelving scheme |
Dewey Decimal Classification |
| Koha item type |
BOOK |
| 948 ## - LOCAL PROCESSING INFORMATION (OCLC); SERIES PART DESIGNATOR (RLIN) |
| Series part designator, SPT (RLIN) |
BVP |
| b (OCLC) |
CHILDREN'S |
| p (OCLC) |
X121592125 |
| k (OCLC) |
J |
| h (OCLC) |
741.5973 |
| i (OCLC) |
L694P 2018 |
| f (OCLC) |
1 |
| r (OCLC) |
2 |
| g (OCLC) |
1 |
| 7 (OCLC) |
0 |
| u (OCLC) |
3 |
| w (OCLC) |
11 |
| s (OCLC) |
0 |
| o (OCLC) |
BVP |
| 0 (OCLC) |
$22.99 |
| y (OCLC) |
99 |
| c (OCLC) |
35 |
| j (OCLC) |
Dewey Decimal |
| n (OCLC) |
On-Order |
| e (OCLC) |
1715916-1 |
| 9 (OCLC) |
Item generated Jul 8 2020 11:18AM |